MARC
|
|
|
|
| LEADER |
00000nam0a2200000 4500 |
| 001 |
328188 |
| 005 |
20231102004033.0 |
| 035 |
|
|
|a (RuTPU)RU\TPU\book\353888
|
| 090 |
|
|
|a 328188
|
| 100 |
|
|
|a 20170213d1936 km y0rusy50 ca
|
| 101 |
0 |
|
|a rus
|
| 102 |
|
|
|a RU
|
| 105 |
|
|
|a a z 000zy
|
| 200 |
1 |
|
|a Романсы и песни на стихи А. Пушкина для голоса с фортепиано
|f Н. Римский-Корсаков, А. С. Пушкин
|g под ред. И. Шишова
|
| 210 |
|
|
|a Москва
|c Музгиз
|d 1936
|
| 215 |
|
|
|a 84 с.
|c ноты
|
| 606 |
1 |
|
|a Вокальная музыка
|2 stltpush
|3 (RuTPU)RU\TPU\subj\3505
|9 31908
|
| 610 |
1 |
|
|a русская музыка
|
| 610 |
1 |
|
|a русская поэзия
|
| 610 |
1 |
|
|a песни
|
| 610 |
1 |
|
|a романсы
|
| 610 |
1 |
|
|a 19 век
|
| 610 |
1 |
|
|a история
|
| 610 |
1 |
|
|a музыкальные произведения
|
| 675 |
|
|
|a 784
|v 4
|
| 700 |
|
1 |
|a Римский-Корсаков
|b Н.
|
| 701 |
|
1 |
|a Пушкин
|b А. С.
|g Александр Сергеевич
|
| 702 |
|
1 |
|a Шишов
|b И.
|g Иван
|4 340
|
| 801 |
|
1 |
|a RU
|b 63413507
|c 20170213
|
| 801 |
|
2 |
|a RU
|b 63413507
|c 20200731
|g RCR
|
| 942 |
|
|
|c BK
|